| 000 | 00462nam a2200157Ia 4500 | ||
|---|---|---|---|
| 008 | 151213s9999 xx 000 0 und d | ||
| 020 | _a1-85573-588-1 | ||
| 100 | _aEd. By J.E.Mchntyrc | ||
| 245 |
_aSynthetic Fibers: Niplon , Polyester , Cyclic , Polyolehoin _cEd. By J.E.Mchntyrc |
||
| 260 |
_aEngland _bWoodhead Publishing _c2005 |
||
| 300 | _a8623 p. | ||
| 650 | _aTextile | ||
| 650 | _aTextile Engineering | ||
| 700 | _aEd. By J.E.Mchntyrc | ||
| 999 |
_c4413 _d4413 |
||